| 000 | 01321cam a22003014a 4500 | ||
|---|---|---|---|
| 001 | 15767791 | ||
| 005 | 20090811090620.0 | ||
| 008 | 090608s2008 cc a | b 001 0 eng d | ||
| 010 | _a 2009419532 | ||
| 020 | _a9780596510305 | ||
| 020 | _a0596510306 | ||
| 040 |
_aDLC _cDLC _dDLC |
||
| 050 | 0 | 0 |
_aQA76.9.A25 _bM4355 2008 |
| 082 | 0 | 0 |
_a005.8 _222 _bMCN |
| 100 | 1 |
_aMcNab, Chris _q(Chris R.), _d1980- _910069 |
|
| 245 | 1 | 0 |
_aNetwork Security Assessment / _cChris McNab |
| 250 | _a2nd ed. | ||
| 260 |
_aBeijing ; _aSebastopol : _bO'Reilly Media, Inc., _cc2008. |
||
| 300 |
_axxiv, 478 p. : _bill. ; _c26 cm. |
||
| 500 | _aDonated by: Al Ahram | ||
| 650 | 0 |
_aComputers _xAccess control _xEvaluation. _910070 |
|
| 650 | 0 |
_aComputer networks _xSecurity measures _xEvaluation. _910071 |
|
| 856 | 4 | 2 |
_3Contributor biographical information _uhttp://www.loc.gov/catdir/enhancements/fy0913/2009419532-b.html |
| 856 | 4 | 2 |
_3Publisher description _uhttp://www.loc.gov/catdir/enhancements/fy0915/2009419532-d.html |
| 942 |
_2ddc _cBB |
||
| 999 |
_c13070 _d13070 |
||